Hodnotenie zeleného podnikového rastu – prípadová štúdia bakalárska práca

Gespeichert in:
Bibliographische Detailangaben
1. Verfasser: Balogová, Veronika
Körperschaft: Podnikovohospodárska fakulta EU so sídlom v Košiciach. Katedra manažmentu
Weitere Verfasser: Majerník, Milan
Format: Buch
Sprache:Slowakisch
Veröffentlicht: Košice 2015
Tags: Tag hinzufügen
Keine Tags, Fügen Sie das erste Tag hinzu!

MARC

LEADER 00000nbm a2200000 4500
001 0204025
005 20161212094531.7
041 0 |a slo 
044 |a SK 
245 1 0 |a Hodnotenie zeleného podnikového rastu – prípadová štúdia  |b bakalárska práca  |c Veronika Balogová ; školiteľ: Milan Majerník 
264 1 |a Košice  |c 2015 
300 |a 46 s. 
100 1 |a Balogová, Veronika 
700 1 |a Majerník, Milan 
710 2 |a Podnikovohospodárska fakulta EU so sídlom v Košiciach. Katedra manažmentu